Voyages de Gulliver.

Bibliographic Details
Main Author: Swift, Jonathan, 1667-1745
Format: Book
Language:French
Published: Paris : Pierre Didot, 1797.

MARC

Tag First Indicator Second Indicator Subfields
LEADER 00000cam a2200000Ia 4500
001 in00002330321
005 20151108052320.0
008 810220s1797 fr a 000 1 fre d
035 |a (OCoLC)ocm07144665 
040 |a TJC  |c TJC  |d TXA  |d UtOrBLW 
041 1 |a fre  |h eng 
049 |a TXAM 
090 |a PR3724.G7  |b F7 1797 
100 1 |a Swift, Jonathan,  |d 1667-1745. 
240 1 0 |a Gulliver's travels.  |l French 
245 1 0 |a Voyages de Gulliver. 
264 1 |a Paris :  |b Pierre Didot,  |c 1797. 
300 |a 2 volumes :  |b illustrations ;  |c 17 cm. 
336 |a text  |b txt  |2 rdacontent 
337 |a unmediated  |b n  |2 rdamedia 
338 |a volume  |b nc  |2 rdacarrier 
500 |a Each volume in 2 pts., each with special t.-p. 
910 |a tp3107 
948 |a cataloged  |b h  |c 2009/12/15  |d c  |e hgolay  |f 10:16:18 am 
994 |a 02  |b TXA 
999 |a MARS 
999 f f |s 31d23842-6cf9-3285-8b7d-7d791c53e527  |i fabbd9cd-588d-3a2e-8338-eb80df689169  |t 0 
952 f f |p noncirc  |a Texas A&M University  |b College Station  |c Cushing Memorial Library & Archives  |d Cushing: Dawson French (Does not check out)  |t 0  |e PR3724.G7 F7 1797  |h Library of Congress classification  |i unmediated -- volume  |k t.2 
952 f f |p noncirc  |a Texas A&M University  |b College Station  |c Cushing Memorial Library & Archives  |d Cushing: Dawson French (Does not check out)  |t 0  |e PR3724.G7 F7 1797  |h Library of Congress classification  |i unmediated -- volume  |k t.1 
998 f f |a PR3724.G7 F7 1797  |s t.1-t.2  |t 0  |l Cushing: Dawson French (Does not check out)